| 000 | 00360nam a22001337a 4500 | ||
|---|---|---|---|
| 082 |
_aCP-59 _bCE-372 |
||
| 100 |
_aXen Shahaid Hussain _951004 |
||
| 245 |
_aQuantity surveying & cost estimation _cXen Shahaid Hussain |
||
| 250 | _a2016 | ||
| 260 |
_aRisalpur _bMCE _cSpring-2016 |
||
| 500 | _aOD-80/CED-81 | ||
| 526 |
_a0 _b0 _c0 _dCP_59_CE372 |
||
| 942 |
_2ddc _cBKB |
||
| 999 |
_c553737 _d553737 |
||